[Event "18. Obert Int. Sant Marti 2016 - B"]
[Site "Barcelona ESP"]
[Date "2016.07.19"]
[Round "7.39"]
[White "Lozano Ruiz, David"]
[Black "Molina Taberner, Jordi"]
[Result "1-0"]
[WhiteElo "1796"]
[BlackElo "1529"]
[PlyCount "93"]
[EventDate "2016.07.13"]
[EventType "swiss"]
[EventRounds "9"]
[EventCountry "ESP"]
[SourceTitle "Ajedrez en Madrid"]
[Source "lmi"]
[SourceDate "2016.07.13"]
[SourceVersion "1"]
[SourceVersionDate "2019.06.21"]
[SourceQuality "1"]

1. d4 g6 2. e4 Bg7 3. Nc3 d6 4. f4 e6 5. Nf3 b6 6. Bd3 Bb7 7. Be3 Ne7 8. Qd2 h6
9. O-O Nd7 10. e5 d5 11. Nb5 a6 12. Nc3 b5 13. Ne2 Nb6 14. Bf2 Nc4 15. Qc1 Rc8
16. b3 Nb6 17. g4 h5 18. gxh5 Rxh5 19. Ng3 Rh6 20. Ng5 Nf5 21. Nxf5 gxf5 22.
Qe1 Rg6 23. Kh1 Bh6 24. Bh4 Bxg5 25. Bxg5 Rxg5 26. fxg5 Qxg5 27. Qg3 Qxg3 28.
hxg3 Ke7 29. Kg1 Rg8 30. Kf2 Nd7 31. Be2 Nf8 32. c4 c6 33. cxb5 axb5 34. b4 Nh7
35. a4 Ra8 36. axb5 cxb5 37. Rxa8 Bxa8 38. Bxb5 Ng5 39. Ra1 Ne4+ 40. Kg2 Nc3
41. Ra7+ Kd8 42. Rxa8+ Kc7 43. Be8 Kb7 44. Ra5 Nd1 45. Ra3 Nb2 46. Bxf7 Nc4 47.
Rc3 1-0

[Event "18. Obert Int. Sant Marti 2016 - B"]
[Site "Barcelona ESP"]
[Date "2016.07.19"]
[Round "7.40"]
[White "Molinas Garcia, Francisco"]
[Black "Garcia Ramos, Anais"]
[Result "1-0"]
[WhiteElo "1786"]
[BlackElo "1392"]
[PlyCount "117"]
[EventDate "2016.07.13"]
[EventType "swiss"]
[EventRounds "9"]
[EventCountry "ESP"]
[SourceTitle "Ajedrez en Madrid"]
[Source "lmi"]
[SourceDate "2016.07.13"]
[SourceVersion "1"]
[SourceVersionDate "2019.06.21"]
[SourceQuality "1"]

1. c4 e6 2. Nf3 f5 3. g3 Nf6 4. Bg2 Be7 5. d4 O-O 6. O-O d6 7. Nc3 Qe8 8. b4
Ne4 9. Bb2 Nxc3 10. Bxc3 Bf6 11. Rc1 e5 12. dxe5 dxe5 13. Nxe5 Bxe5 14. Qd5+
Kh8 15. Qxe5 Qxe5 16. Bxe5 c6 17. Rfd1 Nd7 18. Bc3 Re8 19. e3 Nb6 20. c5 Nd7
21. Rd3 Nf6 22. Bxf6 gxf6 23. Rcd1 Be6 24. a3 Kg7 25. Rd6 Kf7 26. R1d4 Rh8 27.
Bf3 Rac8 28. e4 h5 29. exf5 Bxf5 30. Rh4 Kg6 31. Be4 Bxe4 32. Rxe4 Rc7 33. Red4
Rhh7 34. Kg2 Rhe7 35. Rf4 Rf7 36. Kf3 Rce7 37. Rd8 Kg7 38. Rfd4 a6 39. Kf4 Kg6
40. Rg8+ Rg7 41. Rxg7+ Kxg7 42. f3 Kg6 43. Rd8 Kg7 44. h3 Kh7 45. Kf5 Kg7 46.
f4 Kf7 47. Rd6 Re3 48. Rxf6+ Ke7 49. Rh6 Rxg3 50. Rxh5 Rxa3 51. Rh7+ Kd8 52.
Rxb7 Rxh3 53. Rb6 Kc7 54. Rxa6 Rb3 55. Rb6 Ra3 56. Kf6 Rf3 57. f5 Rf4 58. Ke6
Re4+ 59. Kf7 1-0

[Event "18. Obert Int. Sant Marti 2016 - B"]
[Site "Barcelona ESP"]
[Date "2016.07.19"]
[Round "7.42"]
[White "Escofet Llongueras, Joan"]
[Black "Castillo Dalmau, Arnau"]
[Result "1-0"]
[WhiteElo "1716"]
[BlackElo "1418"]
[PlyCount "117"]
[EventDate "2016.07.13"]
[EventType "swiss"]
[EventRounds "9"]
[EventCountry "ESP"]
[SourceTitle "Ajedrez en Madrid"]
[Source "lmi"]
[SourceDate "2016.07.13"]
[SourceVersion "1"]
[SourceVersionDate "2019.06.21"]
[SourceQuality "1"]

1. c4 e5 2. Nc3 Nc6 3. g3 f5 4. Bg2 Nf6 5. e3 e4 6. d3 exd3 7. Qxd3 d6 8. Nf3
g6 9. O-O Bg7 10. a3 O-O 11. b4 Ne5 12. Nxe5 dxe5 13. Qc2 e4 14. Rd1 Qe7 15.
Bb2 c6 16. Ne2 Be6 17. Bd4 Qf7 18. Rac1 b5 19. cxb5 Bb3 20. Qxc6 Bxd1 21. Rxd1
Qa2 22. Nf4 Qxa3 23. Ne6 Rac8 24. Qb7 Bh8 25. Nxf8 Rxf8 26. Qe7 Rf7 27. Qd8+
Rf8 28. Qe7 Rf7 29. Qe6 Qxb4 30. Bf1 Qe7 31. Bc4 Kg7 32. Qxf7+ Qxf7 33. Bxf7
Kxf7 34. Bxa7 Ke6 35. b6 Nd7 36. b7 Be5 37. Rxd7 Kxd7 38. b8=Q Bxb8 39. Bxb8
Kc6 40. f3 Kd5 41. Kf2 Kc4 42. fxe4 fxe4 43. g4 Kd5 44. h4 Ke6 45. Kg3 h6 46.
Kf4 g5+ 47. hxg5 hxg5+ 48. Kxg5 Kf7 49. Kf5 Kg7 50. g5 Kf7 51. g6+ Kg7 52. Be5+
Kg8 53. g7 Kf7 54. Kxe4 Kg8 55. Kd5 Kf7 56. e4 Kg8 57. Bf6 Kf7 58. e5 Kg8 59.
e6 1-0

[Event "18. Obert Int. Sant Marti 2016 - B"]
[Site "Barcelona ESP"]
[Date "2016.07.19"]
[Round "7.43"]
[White "Santolaria Sanz, Xavier"]
[Black "Moreno Perez, Norberto"]
[Result "0-1"]
[WhiteElo "1607"]
[BlackElo "1886"]
[PlyCount "92"]
[EventDate "2016.07.13"]
[EventType "swiss"]
[EventRounds "9"]
[EventCountry "ESP"]
[SourceTitle "Ajedrez en Madrid"]
[Source "lmi"]
[SourceDate "2016.07.13"]
[SourceVersion "1"]
[SourceVersionDate "2019.06.21"]
[SourceQuality "1"]

1. e4 e5 2. Nf3 Nc6 3. Bc4 h6 4. Nc3 Nf6 5. d3 Bc5 6. O-O O-O 7. Kh1 a6 8. h3
d6 9. Nh2 b5 10. Bb3 Nd4 11. Ne2 Nxb3 12. axb3 d5 13. f4 exf4 14. e5 Nh5 15. d4
Bb6 16. Bxf4 Nxf4 17. Nxf4 c6 18. Nh5 Qg5 19. c3 Be6 20. Nf4 Bf5 21. Qh5 Be4
22. Qxg5 hxg5 23. Nh5 c5 24. Nf3 Bxf3 25. Rxf3 cxd4 26. cxd4 Bxd4 27. Rd3 Bxb2
28. Ra2 Bxe5 29. Rxd5 f6 30. Rd7 Rf7 31. Rad2 g6 32. Rxf7 Kxf7 33. Rd7+ Ke6 34.
Nxf6 Bxf6 35. Rc7 a5 36. Rc6+ Kf7 37. g4 a4 38. Rc7+ Be7 39. bxa4 bxa4 40. Rc2
a3 41. Ra2 Bf6 42. Kg2 Bb2 43. Kf3 Ke6 44. Ke3 Rh8 45. Kd3 Rxh3+ 46. Kc2 Rg3
0-1

[Event "18. Obert Int. Sant Marti 2016 - B"]
[Site "Barcelona ESP"]
[Date "2016.07.19"]
[Round "7.44"]
[White "Palomero Galvez, Antonio"]
[Black "Madrid Sole, Antonio"]
[Result "0-1"]
[WhiteElo "1593"]
[BlackElo "1865"]
[PlyCount "68"]
[EventDate "2016.07.13"]
[EventType "swiss"]
[EventRounds "9"]
[EventCountry "ESP"]
[SourceTitle "Ajedrez en Madrid"]
[Source "lmi"]
[SourceDate "2016.07.13"]
[SourceVersion "1"]
[SourceVersionDate "2019.06.21"]
[SourceQuality "1"]

1. d4 d5 2. Nf3 Nf6 3. c4 c6 4. e3 e6 5. Bd3 Nbd7 6. O-O Bd6 7. cxd5 exd5 8.
Qc2 O-O 9. Nc3 h6 10. Bd2 Re8 11. Rac1 a6 12. a4 c5 13. dxc5 Nxc5 14. h3 Nxd3
15. Qxd3 Be6 16. Ne2 Qd7 17. Ng3 Ne4 18. Nxe4 dxe4 19. Qxe4 Bxh3 20. Qh4 Bg4
21. Nd4 Bf5 22. f3 Bd3 23. Rf2 Bg6 24. Nb3 Re5 25. Qc4 Rh5 26. f4 Qg4 27. Rf3
Re8 28. Be1 Be4 29. Rg3 Qd7 30. Bc3 Bf8 31. Qe2 Bg6 32. Qc4 b5 33. axb5 Re4 34.
Qc6 Qd3 0-1

[Event "18. Obert Int. Sant Marti 2016 - B"]
[Site "Barcelona ESP"]
[Date "2016.07.19"]
[Round "7.45"]
[White "Pereda Villalba, Julian"]
[Black "Molina Manas, Miquel"]
[Result "0-1"]
[WhiteElo "1824"]
[BlackElo "1606"]
[PlyCount "132"]
[EventDate "2016.07.13"]
[EventType "swiss"]
[EventRounds "9"]
[EventCountry "ESP"]
[SourceTitle "Ajedrez en Madrid"]
[Source "lmi"]
[SourceDate "2016.07.13"]
[SourceVersion "1"]
[SourceVersionDate "2019.06.21"]
[SourceQuality "1"]

1. f4 d5 2. Nf3 Nc6 3. g3 Bf5 4. Bg2 e6 5. O-O Nf6 6. e3 Bc5 7. d4 Bb6 8. Bd2
Ne7 9. Nc3 c6 10. Na4 Be4 11. Rc1 Nf5 12. Qe2 h5 13. Ng5 Bxg2 14. Kxg2 h4 15.
g4 Nd6 16. h3 Nde4 17. Be1 Nxg5 18. fxg5 Ne4 19. c4 Qxg5 20. Qf3 f6 21. Nxb6
axb6 22. a3 O-O-O 23. cxd5 exd5 24. Qf5+ Qxf5 25. Rxf5 Nd6 26. Rf3 Rde8 27. Bf2
Nc4 28. Rc2 Re7 29. a4 Rhe8 30. Re2 Re4 31. Kf1 Rh8 32. b3 Nd6 33. Bg1 Nf7 34.
Bh2 Ng5 35. Rf5 Nxh3 36. Bf4 Nxf4 37. Rxf4 Rhe8 38. Rxe4 Rxe4 39. Kg2 Rxg4+ 40.
Kh3 f5 41. Rf2 Rg3+ 42. Kxh4 Rxe3 43. Rxf5 Rxb3 44. Rf8+ Kc7 45. Rf7+ Kb8 46.
Rxg7 Rb4 47. Rg4 Rxa4 48. Kg3 b5 49. Kf2 Ka7 50. Ke2 Kb6 51. Kd3 Ra3+ 52. Kc2
Re3 53. Rg7 Rh3 54. Rf7 Ka6 55. Rf8 b4 56. Rb8 Rc3+ 57. Kb2 Rc4 58. Kb3 Rxd4
59. Ka4 Kb6 60. Rh8 Re4 61. Rh6 Kc5 62. Rh7 b5+ 63. Kb3 Re3+ 64. Kb2 Kc4 65.
Rh2 d4 66. Rh6 c5 0-1

[Event "18. Obert Int. Sant Marti 2016 - B"]
[Site "Barcelona ESP"]
[Date "2016.07.19"]
[Round "7.46"]
[White "Vicente Soriano, Josep"]
[Black "Rodriguez Beltran, Fernando"]
[Result "1/2-1/2"]
[WhiteElo "1757"]
[BlackElo "1602"]
[PlyCount "52"]
[EventDate "2016.07.13"]
[EventType "swiss"]
[EventRounds "9"]
[EventCountry "ESP"]
[SourceTitle "Ajedrez en Madrid"]
[Source "lmi"]
[SourceDate "2016.07.13"]
[SourceVersion "1"]
[SourceVersionDate "2019.06.21"]
[SourceQuality "1"]

1. e4 d5 2. exd5 Qxd5 3. Nc3 Qa5 4. d4 Nf6 5. Bd2 Bg4 6. Nf3 Qf5 7. Be2 Nc6 8.
d5 Bxf3 9. Bxf3 Nd4 10. O-O Nxf3+ 11. Qxf3 Qxf3 12. gxf3 O-O-O 13. Be3 Nxd5 14.
Nxd5 Rxd5 15. c4 Rd7 16. b4 e6 17. c5 Rd5 18. Rfc1 Be7 19. a4 Bg5 20. Ra2 Bxe3
21. fxe3 Rd3 22. Kf2 Rhd8 23. Ke2 Rb3 24. Rc4 Rdd3 25. Re4 Kd7 26. b5 Rd5
1/2-1/2

[Event "18. Obert Int. Sant Marti 2016 - B"]
[Site "Barcelona ESP"]
[Date "2016.07.19"]
[Round "7.47"]
[White "De Figueiredo Coutinho, Rocco"]
[Black "Perez Cuadrado, Eduardo"]
[Result "0-1"]
[WhiteElo "1474"]
[BlackElo "1751"]
[PlyCount "76"]
[EventDate "2016.07.13"]
[EventType "swiss"]
[EventRounds "9"]
[EventCountry "ESP"]
[SourceTitle "Ajedrez en Madrid"]
[Source "lmi"]
[SourceDate "2016.07.13"]
[SourceVersion "1"]
[SourceVersionDate "2019.06.21"]
[SourceQuality "1"]

1. e4 e5 2. d4 exd4 3. Qxd4 Nc6 4. Qe3 d6 5. Nc3 g6 6. Bd2 Bg7 7. Bb5 Nge7 8.
Nf3 a6 9. Bd3 O-O 10. O-O b5 11. a3 Re8 12. Rfe1 Bb7 13. Qf4 Ne5 14. Qg3 Nxf3+
15. gxf3 c5 16. Rab1 Rc8 17. Bf1 Rc7 18. Ne2 Nc6 19. Red1 Rce7 20. Bf4 Ne5 21.
Nc3 h6 22. h4 Kh7 23. Nd5 Bxd5 24. Rxd5 Qb6 25. Rbd1 Rd8 26. c3 f6 27. Bxe5
fxe5 28. f4 Rf7 29. f5 Rf6 30. f4 c4+ 31. Kg2 gxf5 32. exf5 Rxf5 33. Be2 Rxf4
34. h5 Rf6 35. Bf3 Rdf8 36. Rf1 Kh8 37. Be2 Rxf1 38. Bxf1 Qc6 0-1

[Event "18. Obert Int. Sant Marti 2016 - B"]
[Site "Barcelona ESP"]
[Date "2016.07.19"]
[Round "7.48"]
[White "Pera Muntasell, Marc"]
[Black "Hernando Rodrigo, Lourdes"]
[Result "0-1"]
[WhiteElo "1450"]
[BlackElo "1730"]
[PlyCount "60"]
[EventDate "2016.07.13"]
[EventType "swiss"]
[EventRounds "9"]
[EventCountry "ESP"]
[SourceTitle "Ajedrez en Madrid"]
[Source "lmi"]
[SourceDate "2016.07.13"]
[SourceVersion "1"]
[SourceVersionDate "2019.06.21"]
[SourceQuality "1"]

1. e4 c5 2. Nf3 e6 3. d4 cxd4 4. Nxd4 a6 5. c4 Nf6 6. Nc3 Qc7 7. a3 b6 8. Be3
Bb7 9. f3 Nc6 10. b4 Be7 11. Rc1 O-O 12. Be2 Qb8 13. O-O Bd6 14. f4 Nxd4 15.
Qxd4 e5 16. fxe5 Bxe5 17. Qxb6 Bxh2+ 18. Kh1 Be5 19. Bd3 Ng4 20. Bg1 Bxc3 21.
Rxc3 Qe5 22. Rf3 Qxc3 23. Rg3 Bxe4 24. Rxg4 Bxd3 25. Bd4 Qe1+ 26. Kh2 Bg6 27.
Qc5 Qe6 28. Qh5 f5 29. Rxg6 Qxg6 30. Qf3 Qd6+ 0-1

[Event "18. Obert Int. Sant Marti 2016 - B"]
[Site "Barcelona ESP"]
[Date "2016.07.19"]
[Round "7.49"]
[White "Tortosa Moros, Joan"]
[Black "Tsulaia, Mariam"]
[Result "1/2-1/2"]
[WhiteElo "1719"]
[BlackElo "1588"]
[PlyCount "43"]
[EventDate "2016.07.13"]
[EventType "swiss"]
[EventRounds "9"]
[EventCountry "ESP"]
[SourceTitle "Ajedrez en Madrid"]
[Source "lmi"]
[SourceDate "2016.07.13"]
[SourceVersion "1"]
[SourceVersionDate "2019.06.21"]
[SourceQuality "1"]

1. e4 c5 2. Nf3 d6 3. Bb5+ Bd7 4. Bxd7+ Nxd7 5. c4 Ngf6 6. Nc3 g6 7. d4 Bg7 8.
O-O O-O 9. h3 cxd4 10. Nxd4 Rc8 11. b3 a6 12. Bb2 e6 13. Re1 Re8 14. Qd2 Nb6
15. Rad1 d5 16. exd5 exd5 17. cxd5 Rxe1+ 18. Rxe1 Nbxd5 19. Nxd5 Qxd5 20. Rd1
Rd8 21. Nf3 Qxd2 22. Rxd2 1/2-1/2

[Event "18. Obert Int. Sant Marti 2016 - B"]
[Site "Barcelona ESP"]
[Date "2016.07.19"]
[Round "7.50"]
[White "Palau Fontanet, David"]
[Black "Gonzalez Alonso, Marti"]
[Result "1/2-1/2"]
[WhiteElo "1703"]
[BlackElo "1391"]
[PlyCount "86"]
[EventDate "2016.07.13"]
[EventType "swiss"]
[EventRounds "9"]
[EventCountry "ESP"]
[SourceTitle "Ajedrez en Madrid"]
[Source "lmi"]
[SourceDate "2016.07.13"]
[SourceVersion "1"]
[SourceVersionDate "2019.06.21"]
[SourceQuality "1"]

1. d4 d5 2. Bf4 c6 3. c3 Bf5 4. Nf3 e6 5. e3 Bd6 6. Bg3 Nf6 7. Bd3 Bg6 8. Qc2
Bxg3 9. hxg3 Nbd7 10. Nbd2 Bxd3 11. Qxd3 Qb6 12. b3 h6 13. O-O O-O 14. c4 c5
15. Qe2 Rfe8 16. Rfc1 Rac8 17. Rab1 Qa6 18. Rc2 Rc7 19. Rbc1 Rec8 20. Qd1 b5
21. Qf1 bxc4 22. bxc4 cxd4 23. Nxd4 dxc4 24. Nxc4 e5 25. Nf3 Ng4 26. Qe2 Nb6
27. Nfd2 f5 28. Qd3 e4 29. Qb3 Nxc4 30. Rxc4 Rxc4 31. Rxc4 Rxc4 32. Qxc4+ Qxc4
33. Nxc4 Kf7 34. Nd6+ Ke6 35. Nb5 a5 36. Kf1 Ne5 37. Nd4+ Kf6 38. f4 Nd3 39. a4
Nc5 40. Nc6 Nxa4 41. Nxa5 Nc5 42. Nc6 Nd3 43. Ke2 Ke6 1/2-1/2

[Event "18. Obert Int. Sant Marti 2016 - B"]
[Site "Barcelona ESP"]
[Date "2016.07.19"]
[Round "7.52"]
[White "Cervera Lopez, Miguel"]
[Black "Pascual Duran, Pau"]
[Result "1-0"]
[WhiteElo "1655"]
[BlackElo "1480"]
[PlyCount "51"]
[EventDate "2016.07.13"]
[EventType "swiss"]
[EventRounds "9"]
[EventCountry "ESP"]
[SourceTitle "Ajedrez en Madrid"]
[Source "lmi"]
[SourceDate "2016.07.13"]
[SourceVersion "1"]
[SourceVersionDate "2019.06.21"]
[SourceQuality "1"]

1. e4 e6 2. Nf3 d5 3. exd5 exd5 4. d4 Nf6 5. Bg5 Nbd7 6. Bd3 Bd6 7. O-O O-O 8.
Re1 Re8 9. c4 Rxe1+ 10. Qxe1 dxc4 11. Bxc4 c6 12. a3 h6 13. Bh4 Qc7 14. Nc3 Nh5
15. Qe8+ Nf8 16. Ne5 Bxe5 17. dxe5 g5 18. Bg3 Nxg3 19. hxg3 Rb8 20. Rd1 Be6 21.
Rd7 Qxd7 22. Qxb8 Bxc4 23. Ne4 Kg7 24. Nf6 Qe7 25. g4 Nd7 26. Qg8# 1-0

[Event "18. Obert Int. Sant Marti 2016 - B"]
[Site "Barcelona ESP"]
[Date "2016.07.19"]
[Round "7.53"]
[White "Moya Nunez, Salvador"]
[Black "Demestres Lopez, Ricard"]
[Result "1-0"]
[WhiteElo "1175"]
[BlackElo "1643"]
[PlyCount "133"]
[EventDate "2016.07.13"]
[EventType "swiss"]
[EventRounds "9"]
[EventCountry "ESP"]
[SourceTitle "Ajedrez en Madrid"]
[Source "lmi"]
[SourceDate "2016.07.13"]
[SourceVersion "1"]
[SourceVersionDate "2019.06.21"]
[SourceQuality "1"]

1. e4 b6 2. d4 Bb7 3. Bd3 Nc6 4. Nf3 e6 5. O-O Be7 6. c3 Nf6 7. Re1 O-O 8. Bf4
d6 9. Nbd2 Nd7 10. Nf1 e5 11. Bg3 Bf6 12. Bc2 exd4 13. cxd4 g6 14. Qd2 Bg7 15.
Bf4 Re8 16. Ng3 a5 17. Rad1 Qe7 18. Bh6 Qf8 19. Bxg7 Qxg7 20. Qc1 Rac8 21. Ba4
Ncb8 22. Qf4 Re7 23. Rc1 Rce8 24. Rxc7 Ba6 25. Bxd7 Rxd7 26. Rxd7 Nxd7 27. Qxd6
f6 28. Qd5+ Kf8 29. h3 Qf7 30. Qxf7+ Kxf7 31. e5 Bb7 32. exf6 Bxf3 33. Rxe8
Kxe8 34. gxf3 Nxf6 35. Ne4 Nd5 36. Kf1 Ke7 37. Nc3 Nf4 38. h4 Kd6 39. Kg1 Kc6
40. Kh2 Nd3 41. Kg3 Nxb2 42. a4 Kd6 43. f4 h5 44. Kf3 Ke6 45. Ke4 Kf6 46. Nd5+
Ke6 47. Nxb6 Nd1 48. f3 Nc3+ 49. Kd3 Nd1 50. d5+ Kd6 51. Kd4 Nf2 52. Nc4+ Kd7
53. Nxa5 Nh3 54. Nc4 Nxf4 55. Ne5+ Kc7 56. a5 Kb7 57. d6 Ka6 58. d7 Ne6+ 59.
Kd5 Nd8 60. Nc6 Nb7 61. d8=Q Nxd8 62. Nxd8 Kxa5 63. Nf7 Kb6 64. Ke5 Kc7 65. Kf6
Kd7 66. Ne5+ Ke8 67. Nxg6 1-0

[Event "18. Obert Int. Sant Marti 2016 - B"]
[Site "Barcelona ESP"]
[Date "2016.07.19"]
[Round "7.55"]
[White "Arroyo Mateo, Jose Miguel"]
[Black "Castro Estrella, Joan Gabriel"]
[Result "1-0"]
[WhiteElo "1811"]
[BlackElo "1414"]
[PlyCount "47"]
[EventDate "2016.07.13"]
[EventType "swiss"]
[EventRounds "9"]
[EventCountry "ESP"]
[SourceTitle "Ajedrez en Madrid"]
[Source "lmi"]
[SourceDate "2016.07.13"]
[SourceVersion "1"]
[SourceVersionDate "2019.06.21"]
[SourceQuality "1"]

1. c4 e5 2. Nc3 Nf6 3. g3 Nc6 4. Bg2 Bc5 5. e3 O-O 6. a3 Be7 7. Nge2 d6 8. b4
Be6 9. Nd5 Qd7 10. Nec3 Bh3 11. Bxh3 Qxh3 12. b5 Bd8 13. bxc6 bxc6 14. Nxf6+
Bxf6 15. Qf3 c5 16. Nd5 Bd8 17. Rb1 f5 18. Nf4 Qh6 19. Qd5+ Kh8 20. Qxa8 exf4
21. Rb8 Qf6 22. Bb2 Qe7 23. gxf4 Qd7 24. Rg1 1-0

[Event "18. Obert Int. Sant Marti 2016 - B"]
[Site "Barcelona ESP"]
[Date "2016.07.19"]
[Round "7.56"]
[White "Gomez Guinovart, Josep Manel"]
[Black "Cano Vila, Eduard"]
[Result "0-1"]
[WhiteElo "1733"]
[BlackElo "1353"]
[PlyCount "60"]
[EventDate "2016.07.13"]
[EventType "swiss"]
[EventRounds "9"]
[EventCountry "ESP"]
[SourceTitle "Ajedrez en Madrid"]
[Source "lmi"]
[SourceDate "2016.07.13"]
[SourceVersion "1"]
[SourceVersionDate "2019.06.21"]
[SourceQuality "1"]

1. d4 Nf6 2. Bf4 d6 3. Nf3 g6 4. e3 Bg7 5. Bd3 O-O 6. O-O c5 7. c3 Nc6 8. a3 b6
9. Qe2 Nd5 10. Bg3 cxd4 11. cxd4 Nf6 12. Nc3 Bb7 13. Rac1 Re8 14. Rfd1 d5 15.
h3 Nh5 16. Bh2 e5 17. dxe5 Nxe5 18. Bb5 Nxf3+ 19. Qxf3 Re6 20. Bc4 Rf6 21. Qe2
Rc8 22. Be5 Rf5 23. Bxg7 Kxg7 24. e4 Rg5 25. Bxd5 Rxg2+ 26. Kh1 Qh4 27. Qe3
Bxd5 28. Nxd5 Rxc1 29. Rxc1 Qxf2 30. Qc3+ Kh6 0-1

[Event "18. Obert Int. Sant Marti 2016 - B"]
[Site "Barcelona ESP"]
[Date "2016.07.19"]
[Round "7.57"]
[White "Bernat Mor, Juli"]
[Black "Hernandez Bermudez, Alberto"]
[Result "0-1"]
[WhiteElo "1239"]
[BlackElo "1720"]
[PlyCount "66"]
[EventDate "2016.07.13"]
[EventType "swiss"]
[EventRounds "9"]
[EventCountry "ESP"]
[SourceTitle "Ajedrez en Madrid"]
[Source "lmi"]
[SourceDate "2016.07.13"]
[SourceVersion "1"]
[SourceVersionDate "2019.06.21"]
[SourceQuality "1"]

1. e4 d5 2. exd5 Qxd5 3. Nc3 Qa5 4. d4 c6 5. Nf3 Bg4 6. Bd2 e6 7. Bc4 Nf6 8. h3
Bh5 9. Bb3 Qb6 10. g4 Bg6 11. Qe2 Be7 12. O-O-O Nbd7 13. Qe3 Nd5 14. Nxd5 cxd5
15. Ne5 Nxe5 16. Qxe5 Bf6 17. Qh2 Bxd4 18. Bf4 Bf6 19. Bc7 Qc6 20. f3 Rc8 21.
Bf4 h6 22. Be3 a5 23. a4 Bxb2+ 24. Kxb2 Qc3+ 25. Kc1 Qxb3 26. Rd2 Qxe3 27. Qe2
Rxc2+ 28. Kd1 Rxd2+ 29. Qxd2 Qxf3+ 30. Qe2 Qxh1+ 31. Kd2 O-O 32. Kc3 Rc8+ 33.
Kd4 Qe4+ 0-1

[Event "18. Obert Int. Sant Marti 2016 - B"]
[Site "Barcelona ESP"]
[Date "2016.07.19"]
[Round "7.59"]
[White "Ferre Navarro, Joan"]
[Black "Minko, Aleksandr"]
[Result "1-0"]
[WhiteElo "1591"]
[BlackElo "1145"]
[PlyCount "45"]
[EventDate "2016.07.13"]
[EventType "swiss"]
[EventRounds "9"]
[EventCountry "ESP"]
[SourceTitle "Ajedrez en Madrid"]
[Source "lmi"]
[SourceDate "2016.07.13"]
[SourceVersion "1"]
[SourceVersionDate "2019.06.21"]
[SourceQuality "1"]

1. d4 d5 2. Nf3 Nf6 3. e3 Bg4 4. Be2 e6 5. Nbd2 c5 6. c3 Nc6 7. O-O Ne4 8. Ne5
Bxe2 9. Qxe2 Nxe5 10. dxe5 Be7 11. f4 O-O 12. Nxe4 dxe4 13. Rd1 Qc7 14. b3 f6
15. exf6 Rxf6 16. Qc4 a6 17. Qxe4 Rg6 18. Bb2 Re8 19. c4 h6 20. Qxg6 Bd8 21.
Qxe8+ Kh7 22. Rd7 Qa5 23. Rxg7# 1-0

[Event "18. Obert Int. Sant Marti 2016 - B"]
[Site "Barcelona ESP"]
[Date "2016.07.19"]
[Round "7.62"]
[White "Ferres Saez, Joan"]
[Black "Antequera Garcia, Luis"]
[Result "1-0"]
[WhiteElo "1763"]
[BlackElo "1333"]
[PlyCount "75"]
[EventDate "2016.07.13"]
[EventType "swiss"]
[EventRounds "9"]
[EventCountry "ESP"]
[SourceTitle "Ajedrez en Madrid"]
[Source "lmi"]
[SourceDate "2016.07.13"]
[SourceVersion "1"]
[SourceVersionDate "2019.06.21"]
[SourceQuality "1"]

1. e4 e5 2. Nf3 Nc6 3. d4 exd4 4. Bc4 Be7 5. O-O Nf6 6. e5 Ng4 7. Re1 d5 8.
exd6 Qxd6 9. Na3 a6 10. Bd3 Nf6 11. Nc4 Qd8 12. b3 Bg4 13. h3 Bh5 14. Ba3 O-O
15. Bxe7 Nxe7 16. Nce5 Ned5 17. Qd2 c5 18. a3 Qd6 19. b4 cxb4 20. Nxd4 bxa3 21.
Nf5 Qb4 22. Qg5 Bg6 23. c4 Ne7 24. Nxe7+ Qxe7 25. Nxg6 Qxe1+ 26. Rxe1 fxg6 27.
Qa5 Nh5 28. Qxa3 Rad8 29. Be4 Rfe8 30. Bd5+ Kh8 31. Rxe8+ Rxe8 32. Bxb7 h6 33.
Qxa6 Nf4 34. c5 Re6 35. c6 Nd5 36. Qa8+ Kh7 37. Qd8 Ne7 38. c7 1-0

[Event "18. Obert Int. Sant Marti 2016 - B"]
[Site "Barcelona ESP"]
[Date "2016.07.19"]
[Round "7.63"]
[White "Serentill Tost, Eduard"]
[Black "Perez Ramirez, Placido"]
[Result "1-0"]
[WhiteElo "1650"]
[BlackElo "1211"]
[PlyCount "61"]
[EventDate "2016.07.13"]
[EventType "swiss"]
[EventRounds "9"]
[EventCountry "ESP"]
[SourceTitle "Ajedrez en Madrid"]
[Source "lmi"]
[SourceDate "2016.07.13"]
[SourceVersion "1"]
[SourceVersionDate "2019.06.21"]
[SourceQuality "1"]

1. e4 e5 2. Nf3 Nc6 3. Bb5 a6 4. Ba4 Nf6 5. O-O Bc5 6. c3 b5 7. Bc2 O-O 8. d4
exd4 9. cxd4 Bb6 10. Bg5 h6 11. Bh4 g5 12. Bg3 Nh5 13. a3 Nxg3 14. hxg3 d6 15.
Qd3 Ne7 16. Nc3 f5 17. Bb3+ Kg7 18. Nd5 fxe4 19. Qxe4 Ng6 20. Nxb6 cxb6 21.
Qxa8 g4 22. Nd2 Qg5 23. Ne4 Qe7 24. Bd5 Bf5 25. Qb7 Qxb7 26. Bxb7 Re8 27. Nxd6
Rf8 28. Nxf5+ Rxf5 29. Rad1 h5 30. d5 Ne7 31. d6 1-0

[Event "18. Obert Int. Sant Marti 2016 - B"]
[Site "Barcelona ESP"]
[Date "2016.07.19"]
[Round "7.64"]
[White "Minko, Uliana"]
[Black "Febrero Perez, Lluis"]
[Result "0-1"]
[WhiteElo "1251"]
[BlackElo "1642"]
[PlyCount "50"]
[EventDate "2016.07.13"]
[EventType "swiss"]
[EventRounds "9"]
[EventCountry "ESP"]
[SourceTitle "Ajedrez en Madrid"]
[Source "lmi"]
[SourceDate "2016.07.13"]
[SourceVersion "1"]
[SourceVersionDate "2019.06.21"]
[SourceQuality "1"]

1. c4 c5 2. Nc3 Nc6 3. g3 Nf6 4. Bg2 e6 5. d3 d5 6. cxd5 exd5 7. Nf3 d4 8. Nb5
a6 9. Na3 Be6 10. Nc2 Qc7 11. O-O Bd6 12. Bd2 O-O 13. a3 Bb3 14. Qe1 Bxc2 15.
b4 cxb4 16. axb4 Rfe8 17. Ra2 Bxd3 18. Qc1 Bb5 19. Re1 Rxe2 20. Rd1 Qb6 21. Bf1
d3 22. Bxe2 dxe2 23. Re1 Ng4 24. Be3 Nxe3 25. fxe3 Nxb4 0-1

[Event "18. Obert Int. Sant Marti 2016 - B"]
[Site "Barcelona ESP"]
[Date "2016.07.20"]
[Round "8.1"]
[White "Cano Sevila, Ivan"]
[Black "Perez Garcia, Jose Miguel"]
[Result "1/2-1/2"]
[WhiteElo "1853"]
[BlackElo "1904"]
[PlyCount "83"]
[EventDate "2016.07.13"]
[EventType "swiss"]
[EventRounds "9"]
[EventCountry "ESP"]
[SourceTitle "Ajedrez en Madrid"]
[Source "lmi"]
[SourceDate "2016.07.13"]
[SourceVersion "1"]
[SourceVersionDate "2019.06.21"]
[SourceQuality "1"]

1. b3 Nf6 2. Bb2 g6 3. Bxf6 exf6 4. e3 Bg7 5. d4 O-O 6. g3 f5 7. Ne2 d6 8. Bg2
Nd7 9. O-O Qe7 10. c4 h5 11. Nbc3 Nf6 12. Qd3 Re8 13. b4 c6 14. a4 h4 15. b5
hxg3 16. hxg3 Bd7 17. a5 a6 18. bxc6 bxc6 19. Na4 Ng4 20. Nb6 Qg5 21. Nxd7 Qh5
22. Rfb1 Qh2+ 23. Kf1 Re7 24. Rb8+ Rxb8 25. Nxb8 Bh6 26. Nxc6 Rxe3 27. fxe3
Nxe3+ 28. Qxe3 Bxe3 29. Ne7+ Kg7 30. Nd5 Qh6 31. Rb1 Bd2 32. c5 dxc5 33. dxc5
Bxa5 34. c6 Qd2 35. Ra1 g5 36. Rxa5 Qxa5 37. c7 Qc5 38. Nec3 a5 39. Na4 Qc1+
40. Kf2 Qd2+ 41. Kg1 Qd1+ 42. Kh2 1/2-1/2